| 000 | 01043nam a22002897a 4500 | ||
|---|---|---|---|
| 001 | 7894 | ||
| 003 | FISKH | ||
| 005 | 20250813100859.0 | ||
| 008 | 250813b cb ||||| |||| 00| 0 eng d | ||
| 020 | _a9780778709985 | ||
| 040 |
_aFISKH _beng _cFISKH _dFISKH |
||
| 050 | _aPZ7.M82712 S | ||
| 082 | _a823.914 | ||
| 100 | _aMorpurgo, Michael | ||
| 245 |
_aSnakes and ladders / _cMichael Morpurgo ; Illustrated by |
||
| 250 | _aThis edition published in 2000. | ||
| 260 |
_aNew York : _bCrabtree Publishing Company, _c1988 |
||
| 300 |
_a47 pages : _bcolor illustrations ; _c22 cm |
||
| 505 | _aN | ||
| 520 | _aAt school she's called wimpy Wendy - but Wendy isn't afraid of Slinky, Grandpa's snake. When she takes Slinky to school and he wriggles out of her school bag, Wendy will brave anything to rescue him. 1 | ||
| 521 | 8 |
_a530
_bLexile estimate |
|
| 521 | 8 |
_aN
_bRaz-Plus |
|
| 650 |
_aSnake _vJuvenile Fiction _xHigh School _yFriendship |
||
| 700 |
_aWilson, Anne _eillustrator |
||
| 942 |
_2ddc _cBK _n0 |
||
| 999 |
_c7894 _d7894 |
||